Statistics for Finish that Phrase! "Going to the..."

Click here to take the quiz!

General Stats

  • This quiz has been taken 37 times
  • The average score is 4 of 10

Answer Stats

Rank"Going to the..."% Correct
10Store
72%
7Same Place/School
66%
4Movies
63%
6Beach
56%
2Bathroom
44%
9Doctor
38%
1Hospital
38%
3Gym
22%
5Police
16%
8Door
6%

Score Distribution

Percentile by Number Answered

Percent of People with Each Score

Your Score History

You have not taken this quiz